000 00466nam a2200169Ia 4500
003 LK-CoDNM
008 010623t1965 xxu||||| |||| 00| 1 eng d
040 _aLK-CoDNM
_dLK-CoDNM
_eLK-CoDNM
041 _aeng
080 _a(x)37:(x)312 NAD
100 _aNandarajah.T.
245 _aProjection of the school-going population of ceylon 1961-1981
260 _bDepartment of census and statistics
_c1965
300 _b30, 25 cm
650 _aEducation
942 _cBK
999 _c106834
_d106834